000 00717nam a2200289Ia 4500
005 20260324144318.0
008 008 260324s9999 xx 000 0 eng d
020 _a9781315791968
037 _aEBOOK
040 _aCRL
040 _beng
040 _cCRL
041 _2eng
041 _aeng
084 _qCRL
100 _aL. Bryce Boyer; Simon A. Grolnick
_91217008
245 4 _aThe Psychoanalytic Study of Society, V. 12
245 0 _bEssays in Honor of George Devereux
260 _bTaylor and Francis
260 _c1988
365 _a
365 _b67.99
856 _uhttp://www.taylorfrancis.com/books/9781315791968
942 _cEBOOK
999 _c1825330
_d1825330